| 000 | 00543nam a2200169Ia 4500 | ||
|---|---|---|---|
| 008 | 180921t2018 xxu||||| |||| 00| 0 sin d | ||
| 041 | _asin | ||
| 080 |
_a8-31 _bඅරලි |
||
| 100 | _aඅරලිකාර්, සුනීතා | ||
| 245 | _aදූවිලි මල | ||
| 260 |
_bසූරිය ප්රකාශකයෝ _aකොළඹ _c2018 |
||
| 300 | _aසෙ.මි.21, පි.196 | ||
| 700 |
_aඅනුල ද සිල්වා _eපරි. |
||
| 942 | _cBK | ||
| 999 |
_c11280 _d11280 |
||
| 003 | LK-CoDNM | ||
| 040 |
_aLK-CoDNM _dLK-CoDNM _eLK-CoDNM |
||